000 00633nam a2200181Ia 4500
008 100920s9999 xx 000 0 und d
082 _b76875
_a51 थ 99
100 _aकोल्हापुरे पंढरीनाथ.
245 _aगानयोगी शिवपुत्र.
260 _bराजहंस प्रकाशन, पुणे.
_c1999
300 _a202
_bसाधी
365 _b160
520 _aचरित्र.
630 _aगानयोगी शिवपुत्र.
650 _aचरित्र.
730 _aगानयोगी शिवपुत्र.
942 _cBOOK
999 _c718218
_d718215